Financial Stress and Its Role in the New Trend of AI Investing

Hlavným cieľom výskumu je identifikovať, ako nefinančný behaviorálny faktor finančného stresu ovplyvňuje vývoj cien technologických akcií počas súčasného obdobia investovania do umelej inteligencie.

Gespeichert in:
Bibliographische Detailangaben
1. Verfasser: Matušovičová, Sandra, 2000-
Format: Buchkapitel
Sprache:Englisch
Schlagworte:
Tags: Tag hinzufügen
Keine Tags, Fügen Sie das erste Tag hinzu!

MARC

LEADER 00000naa$a2200000$$$4500
001 0313761
005 20260325121501.8
041 0 |a eng 
044 |a RS 
245 1 0 |a Financial Stress and Its Role in the New Trend of AI Investing  |c Sandra Matušovičová 
520 |a Hlavným cieľom výskumu je identifikovať, ako nefinančný behaviorálny faktor finančného stresu ovplyvňuje vývoj cien technologických akcií počas súčasného obdobia investovania do umelej inteligencie. 
610 2 0 |a stresy 
610 2 0 |a stres finančný 
610 2 0 |a trh finančný 
610 2 0 |a trh akciový 
610 2 0 |a investície 
610 2 0 |a investovanie 
610 2 0 |a inteligencia umelá 
100 1 |a Matušovičová, Sandra, 2000-